Vocabulaire anglais n°5 - Statistiques

Statistiques générales
  • Ce quiz a été pris 334 fois
  • Le résultat moyen est 7 sur 20
Statistiques - réponses
Hint Réponse % Correct
le beurre butter
92%
une voiture a car
91%
une éponge a sponge
89%
le football football
87%
un but a goal
82%
la poussière dust
60%
le moteur the engine
34%
les freins the brakes
31%
une ceinture de sécurité a seat belt
20%
un match nul a draw
19%
verser to pour
19%
l'échauffement warm-up
18%
un anchois an anchovy
14%
balayer to sweep
14%
un beignet a doughnut
9%
une miche de pain a loaf of bread
7%
un survêtement a tracksuit
6%
le pare-brise the windscreen
4%
la crasse grime
2%
un torchon a dishcloth
1%
Aucun quiz correspondant
Distribution des résultats
% des personnes avec chaque résultat
Percentile par nombre de réponses
Votre historique - résultats
Vous n’avez pas pris ce quiz